(REx: Reincarnated) Every Exotic+ Ore by Rarity - Statistics

General Stats
  • This quiz has been taken 16 times
    7 since last reset
  • The average score is 304 of 500
Answer Stats
Answer Rarity % Correct
Σ 40,000,000
100%
Ω 75,000,000
100%
π 159,467,210
100%
404 Gateway 404,404,404
100%
Acceleratium 7,800,000
100%
Accesinite 270,720,000
100%
Achromatopsia 198,999,999
100%
Acrimony 257,280,000
100%
Aetherion 400,063,992
100%
a flare v2 160,000,000
100%
Albinite 44,444,444
100%
Antlerion 609,999,970
100%
Armageddium 375,000,000
100%
Ascended Flare 124,080,000
100%
Asminthia 355,200,400
100%
Caelarius 583,000,000
100%
Candilium 82,000,000
100%
Cataclysmium 819,999,984
100%
Cerlustrium 385,024,000
100%
CHECKPOINT.0901 500,000,000
100%
Chrysalis 800,000,000
100%
Cocytus 233,114,000
100%
Computer Annihilator 4600 MK. II 150,000,000
100%
Corroplat Pulsar 444,444,444
100%
Coruscentia 240,800,000
100%
C◊SMIC_SPLIT 1,250,000,000
100%
Cygnus 315,265,472
100%
Dreamscape 230,000,000
100%
Duostella 333,333,333
100%
Dynamo of Fate 750,000,000
100%
Dyronsinite 63,000,000
100%
Dyvantium 290,000,000
100%
Eclipsicle 53,000,000
100%
Elbrus' Pride 82,000,000
100%
Electrolyx 15,000,000
100%
Elexinite 2,120,000
100%
Empress of Light 646,894,464
100%
Endozivite 247,010,000
100%
Ephemryst 275,320,000
100%
Epinephrine 999,999,999
100%
Euclideum 14,142,135
100%
Exdeus 791,161,680
100%
Exoretic 40,000,000
100%
Fire Crystal 297,792,000
100%
Flaeon 3,333,333
100%
Flare of Transcendence 63,000,000
100%
Freon 3,333,333
100%
Frostblossom 183,640,000
100%
Gargantium 71,300,000
100%
GENESIS 380,000,000
100%
Genuinium 288,768,000
100%
Glaciamoria 5,000,000
100%
Glitzar 92,000,000
100%
Grimonolith 385,765,000
100%
Hallowed Prism 71,590,400
100%
HD 160529 330,880,000
100%
Hyperheated Quasar 86,799,600
100%
Idolium 170,000,000
100%
Illusory Bubblegram 426,800,050
100%
Inclemetite 386,500,000
100%
Jadefall 810,000,000
100%
Laniakea Supercluster 1,034,000,000
100%
Low.HP 579,999,975
100%
Lucifyx 66,666,666
100%
Lunar Ω 50,000,000
100%
Lunar Aurora 47,000,000
100%
Lunar Coronal Flare 271,942,000
100%
Lunar Flaeon 3,333,333
100%
Lunar Freon 3,333,333
100%
Lunar Gargantium 134,420,000
100%
Lunar HR 5171 A 186,120,000
100%
Lunar Poiseon 3,333,333
100%
Lunar Quasar 618 618,000,000
100%
Lunar Trinitium 33,333,333
100%
Lunar Voidirinite 750,000,000
100%
Machina 1,417,520,000
100%
Mekanos 635,703,105
100%
Monolith of Origin 515,555,595
100%
NILNAL 3,609,600,000
100%
Nixalis 2,000,000
100%
NOO P α 709,000,750
100%
Nyctophyte 538,000,000
100%
Observatorium 2,615,845,874
100%
Orb of Discontent 25,000,000
100%
Ornalium 9,100,000
100%
Overseer 977,737,207
100%
Pandorite 306,806,000
100%
Poiseon 3,333,333
100%
Polarctica 686,019,200
100%
Polarium 50,000,005
100%
Polaroidium 94,444,444
100%
Polonium 5,555,555
100%
Quasar 618 618,000,000
100%
Retina 955,200,890
100%
SCARLET 910,837,416
100%
Scribbal 200,000,000
100%
Sirius-X10 580,000,001
100%
Sombermoor 516,734,005
100%
Spherocube 18,000,120
100%
Syderea 1,861,200,000
100%
Temporum 5,555,555
100%
Terratomere 213,200,000
100%
The Cylinder 201,061,929
100%
The Flying Dutchman 92,210,000
100%
Theon 720,000,000
100%
Thermazine 759,999,988
100%
Tombstone 2,111,111
100%
TR0J4N 589,320,394
100%
Trinitium 33,333,333
100%
UNFUN 188,235,155
100%
Unstable Megacore 3,500,000,000
100%
VANTABLACK 2,500,000,000
100%
Vaporwave Crystal 90,000,000
100%
Vaporwave Pulsar 19,500,000
100%
Vertiglow 610,610,610
100%
Vily Narila 232,203,032
100%
Vitrilyx 9,000,000
100%
Vitriol 94,000,280
100%
Vocarus 335,191,400
100%
Void Reaver 211,218,000
100%
Wintburg 732,349,090
100%
Wishtree 403,320,250
100%
Yuki Onna 532,100,335
100%
Yuletide Star 93,580,000
100%
Δ 33,333,333
50%
0nian 4,101,010
50%
32-Bit Integer Limit 67,108,864
50%
4FA208 27,999,974
50%
Abyssium 5,554,555
50%
Accretite 6,500,000
50%
Accretium 3,820,000
50%
Aegistone 2,820,000
50%
Aesrith 11,029,000
50%
Aesthetic Reality 90,000,000
50%
Aether 22,000,000
50%
Agoraphore 6,230,001
50%
Albuca Spiralis 70,100,100
50%
Algifica 52,000,000
50%
Altovite 61,664,000
50%
Amalton 52,308,406
50%
Amaranthine 130,678,800
50%
Amare 52,300,000
50%
Ambrosia 11,906,762
50%
Amorisene 244,399,992
50%
Andromidium 21,780,000
50%
Angelicus 66,100,204
50%
Antipathy 11,700,000
50%
Antlerice 30,100,200
50%
Anulus 10,904,000
50%
Apexilec 90,100,990
50%
Aphantasia 41,200,000
50%
Apparition 48,900,000
50%
Arachnoxium 28,800,880
50%
Arcaleus 6,180,980
50%
Arcanicium 9,737,584
50%
Archaem 99,999,975
50%
Astatine 4,200,000
50%
Asterium 14,930,960
50%
Astraea 186,120,000
50%
Atomium 9,091,929
50%
Aurantial 4,411,920
50%
Auriceph 7,500,000
50%
Aurora Polaris 101,077,260
50%
Azuryl 26,700,000
50%
BANANORE 6,000,000
50%
Bathophobia 65,800,000
50%
Beachball 2,240,000
50%
Behemoth Snowflake 30,000,000
50%
Bipulsidine 5,100,203
50%
Blazuine 5,700,000
50%
Blood Lunarian 33,225,232
50%
Bloodshot 6,302,204
50%
Bonfire 12,000,000
50%
Borealiheim 91,000,000
50%
Boreas 4,300,000
50%
Bug 4,004,120
50%
Bulbalescense 81,818,181
50%
C-0RE ERROR 9,699,991
50%
Candlelight 6,670,000
50%
Canivesium 98,136,000
50%
Catastormite 28,600,000
50%
Celebration 9,999,983
50%
Celestival 76,767,767
50%
Celestivian 56,000,000
50%
Chandelabra 24,029,990
50%
Chaotica 20,000,020
50%
Charliment 2,700,100
50%
Chicago 76,767,767
50%
CHICKEN Crystal 30,000,000
50%
Chromatechnimar 7,600,000
50%
Circeterra 12,500,000
50%
Cleopatrite 22,500,000
50%
Clotivein 7,191,000
50%
Cognicite 14,000,000
50%
Combustal 5,500,000
50%
Continuum Rift 66,200,000
50%
Contravexium 39,500,000
50%
Coronal Flare 65,000,000
50%
Corruptal 6,192,174
50%
CORRUPTELA 26,910,012
50%
Corruptryx 14,957,280
50%
Coselnix 22,000,000
50%
Cosmic Treasure 8,000,800
50%
Cosmilite 42,100,021
50%
Cosmonolithius 45,000,000
50%
Covellite 4,400,400
50%
Cryofantasia 24,032,129
50%
Cryonstelar 53,200,000
50%
Cryoscope 84,100,299
50%
Crystalia 61,100,160
50%
Crystal Oculite 3,478,290
50%
Cursed Flesh 55,469,400
50%
Cyberillic 14,001,014
50%
Cybernetium 52,400,000
50%
Darkmatter Stabilizer 65,201,293
50%
Decimora 2,302,100
50%
Divinis 65,318,000
50%
Draesdruvite 25,109,288
50%
Drusentyl 24,816,000
50%
Dunestride 12,938,404
50%
Dynafrost 42,000,000
50%
Ectoplasmado 90,770,000
50%
Electricore 7,934,198
50%
Elegascene 13,902,340
50%
Elementium 54,000,000
50%
Emberis 3,000,003
50%
Emberstyx 14,000,000
50%
Enchantium 7,138,000
50%
Entiniol 7,020,000
50%
Equalizosity 300,020,000
50%
Erodimium 35,900,000
50%
Estrela 13,200,000
50%
Ethyrilem 12,777,777
50%
Exolite 2,432,100
50%
Exopolis 67,200,099
50%
Exospinel 76,763,400
50%
Exsanguinatia 23,893,000
50%
Eyemalgam 6,246,575
50%
Eye of the Siren 5,120,129
50%
F24D43 27,999,974
50%
Festivatia 8,100,200
50%
Festivian 13,500,000
50%
Feux Follets 40,000,000
50%
Finalitium 59,972,000
50%
Flamakern 9,050,000
50%
Floativite 3,720,880
50%
Fluxorium 10,010,023
50%
Formidulus 12,302,022
50%
Froidure 28,200,911
50%
Frostbite 14,442,444
50%
Frostica 13,000,000
50%
Frostrainium 87,290,000
50%
Frostress 55,192,555
50%
Frutiflux 90,222,015
50%
Galactic Rupture 24,480,000
50%
Galaxia 65,001,125
50%
garlic bread crystal 54,500,000
50%
Geigite Receptacle 3,520,230
50%
Gelidoluar 78,416,000
50%
Gelisol 9,100,999
50%
generic68-B 299,999,987
50%
Geometrix 259,999,996
50%
Glaceiaflux 38,800,000
50%
Glacial Monolith 25,000,000
50%
Glacielle 31,400,000
50%
Glacius 9,750,000
50%
Glitchreax 4,192,188
50%
Gradience 61,345,755
50%
Gravitaticor 71,120,000
50%
Gravitron 8,001,291
50%
Hallowed Cage 9,050,000
50%
Heart of the Frosted 37,280,000
50%
Heliotropic Fracture 9,306,000
50%
Heretic's Cage 153,553,963
50%
Hexagelite 11,000,000
50%
Hiderae 27,000,100
50%
Hollowed 45,554,555
50%
Holovirlux 70,320,000
50%
Hyperfullerene 85,000,058
50%
Icarus 38,190,000
50%
Icosaformite 4,005,000
50%
Illuminyx 36,000,000
50%
Inkonium 62,700,000
50%
Inktite 2,250,000
50%
Invalid Apprehension 10,000,011
50%
Jinglelyn 3,200,000
50%
Kaleidium 7,878,000
50%
Kenospina 11,000,000
50%
Kindleflame 6,000,200
50%
Laivertine 14,000,000
50%
Lavortia 86,118,777
50%
Lifeforce Drainer 23,201,120
50%
Limelight 9,210,000
50%
Lovessence 22,222,222
50%
Lovestruck 26,585,858
50%
Lucidium 43,211,234
50%
Lumenyl 71,910,000
50%
Luminaria 10,020,020
50%
Luminatite 34,350,000
50%
Luminosaic 89,999,999
50%
Luna 5,000,005
50%
Lunar Aether 58,500,000
50%
Lunar Andromidium 62,040,000
50%
Lunar Astatine 14,000,000
50%
Lunar Codex 6,500,000
50%
Lunar Coronium 12,408,000
50%
Lunar Halcyon Emission 3,400,000
50%
Lunarian 33,225,240
50%
Lunar Lawrencium 124,080,000
50%
Lunar Malachite 11,500,000
50%
Lunar Neomandelite 25,450,000
50%
Lunar Neptunium 16,544,000
50%
Lunar Pulsar Crystal 17,578,000
50%
Lunar Quasar V 52,340,000
50%
Lunar Vitriol 63,800,000
50%
Luridium 47,001,400
50%
Lutetium 2,517,492
50%
Lux Aestiva 75,524,905
50%
Luxe 40,000,000
50%
Lyricarol 12,030,000
50%
M4TR1X 51,101,101
50%
Magicis Floreat 28,123,000
50%
Magnetyx 74,500,000
50%
Malicioutrite 129,425,276
50%
Matrisse 6,000,000
50%
Matrixalga 30,001,000
50%
Matterium 3,125,000
50%
Mechaspark 4,120,101
50%
Mendelevium 38,000,888
50%
Mistirine 6,102,399
50%
MK2 Sonar 8,100,102
50%
Monocage 5,000,000
50%
Monocritica 72,001,000
50%
Monojit 199,999,950
50%
Mr. Frosty 4,000,000
50%
Musereign 74,102,000
50%
Mythical Hive 12,121,212
50%
Nauticalis 12,221,221
50%
Nautitan 28,424,300
50%
Navigate 88,888,888
50%
Nebula Nexus 9,999,999
50%
Nebula Tempest 50,760,000
50%
Nebulova 71,000,000
50%
Necrocrysta 10,235,000
50%
Neomandelite 68,100,490
50%
Neptunium 4,390,000
50%
Nightmare Complex 36,667,500
50%
Noctilucite 7,700,000
50%
NOO S-Sing. T1 38,449,000
50%
North Star 21,980,000
50%
Novurbite 58,200,100
50%
Noxilenciosa 55,000,000
50%
Obliveracy Endmost 88,620,900
50%
Obscuralis 9,230,230
50%
Oculatum 32,950,000
50%
Oganesson 256,432,000
50%
Ophanim 40,482,583
50%
Optimivium 9,280,090
50%
Ornaswirl 41,888,888
50%
Oscilline 12,100,991
50%
Oviridis 9,239,085
50%
Panselinos 30,140,000
50%
Paraxenos 2,600,000
50%
Pariluxem 10,591,991
50%
Pasivium 21,210,000
50%
Pastelorium 44,300,000
50%
Pentaurunel 14,500,000
50%
Penumbrosia 9,125,550
50%
Phantomalgamation 77,600,000
50%
Phastuanyx 61,200,216
50%
Phobetor 3,890,000
50%
Photon Fluxulite 53,120,000
50%
Photoprisma 2,300,000
50%
Pixelated Mass 39,219,101
50%
Placongela 79,408,000
50%
Plasmitan 24,800,000
50%
Plasmonium 24,000,000
50%
Plasverlite 40,000,200
50%
Polaris 62,626,626
50%
Poltergeist 89,562,220
50%
Poor Connection 5,129,100
50%
Portalium 44,320,000
50%
Praefectus 29,292,900
50%
Printorbs 13,201,919
50%
Pulsō Relicta 36,120,188
50%
Puppet Master 37,845,000
50%
Quandrium 29,290,000
50%
Quantalyx 10,000,100
50%
R136a1 109,604,000
50%
Ravenmare 80,320,000
50%
Revonet 13,000,310
50%
RGB Pulsar 70,000,000
50%
Rigel 20,565,000
50%
Rosarium 5,555,555
50%
Roundabout 119,999,988
50%
Runealith 55,299,490
50%
Sagittarius Quasar 8,200,000
50%
Sandstorm 27,355,000
50%
Sardonyx 13,102,103
50%
Scarfyte 25,500,000
50%
Scertanium 3,524,000
50%
Sentient Viscera 34,500,000
50%
Sentimentium 31,300,000
50%
SHOWER CRYSTAL 51,500,000
50%
Silverthorn 14,323,235
50%
Snoblintium 4,220,000
50%
Snowglobe II 4,230,000
50%
Snowglobe III 37,000,073
50%
Snowsled 4,400,000
50%
Sol 7,110,000
50%
Solace 249,999,993
50%
Soulshade 60,928,950
50%
Soulsnare 11,230,050
50%
Soundstrocity 31,000,000
50%
Speatrium 29,200,000
50%
Spectrasoul 9,103,204
50%
Spectrus 22,185,000
50%
Speedulant 26,100,106
50%
Spiritbound Tomb 30,000,000
50%
Spiritian 24,800,000
50%
Spristium 21,500,000
50%
Starbit 3,120,111
50%
Star-Zero 20,000,000
50%
Statigen 13,219,000
50%
Stazenium 39,500,000
50%
Suncindium 20,500,000
50%
Sunflower 59,204,000
50%
Sunlypse 39,292,929
50%
Sunshade 8,444,000
50%
Sunsurf 14,250,000
50%
Surgium 20,163,000
50%
Surrenial 52,500,000
50%
Sustained Axiom 68,200,100
50%
Swirlpool 44,134,560
50%
Sword Waltz 222,222,221
50%
Synthetyl 14,100,000
50%
Techtrilyx 71,117,771
50%
Terascental 26,000,100
50%
Terminus 73,150,000
50%
Terraformation 2,456,294
50%
Teslarian 25,239,392
50%
Teslarium 7,238,000
50%
Tetrium 4,321,012
50%
Thalassus 58,200,000
50%
The All-Seeing 32,222,222
50%
The Express 25,260,000
50%
The Firewall 93,000,000
50%
the funny 40,000,000
50%
The North Pole 90,135,000
50%
The Odyssey 61,905,731
50%
Thundarian 2,400,000
50%
Torilite 11,250,000
50%
Torpensangor 54,020,010
50%
Toyblast 32,190,000
50%
Triginium 2,100,101
50%
Tsukilunica 74,503,550
50%
Twilight Mist 28,580,045
50%
Twinkle Star 2,500,000
50%
Umbrasnare 89,945,000
50%
Unearthly Cubes 64,778,939
50%
Unsteady Filaments 33,480,000
50%
Valentinyl 12,222,222
50%
Varonela 7,106,400
50%
Velrathis 50,100,000
50%
Venurbite 12,250,000
50%
Verdafrost 77,777,777
50%
Vexareign 8,839,100
50%
Victide 10,000,200
50%
Vigilance 86,888,571
50%
Virtulily 22,100,201
50%
Virtuosity 80,200,100
50%
Vitalium 14,880,000
50%
Voidflower 5,826,000
50%
Voltiflux 35,000,200
50%
Voyanesia 61,780,000
50%
Vulkavium 23,100,000
50%
Vys 13,500,000
50%
WATERMELON ORE 4,500,000
50%
Winterlark 3,000,000
50%
WIREFRAME 13,112,301
50%
Wisticora 19,199,991
50%
Witchbroom 3,335,000
50%
Xuě 22,000,000
50%
Xynarium 28,000,000
50%
Altair 19,999,976
0%
COCONUT ORE 8,000,000
0%
Collapse 272,600,000
0%
@Combust10n_+_Syst3m 39,999,991
0%
Corerupted 35,300,250
0%
Fatennial 102,999,964
0%
Fulmara 38,798,372
0%
Geometric Quadrant 119,999,996
0%
Hypnosia 21,808,000
0%
Illusorium 163,560,000
0%
Iridistar 32,712,000
0%
Magnatoxin 24,999,977
0%
Spaceshatter 28,764,000
0%
the unfunny 20,000,000
0%
Trudgium 28,750,450
0%
Valenarium 24,587,979
0%
No matching quizzes found
Score Distribution
Percent of People with Each Score
Percentile by Number Answered
Your Score History
You have not taken this quiz since the last reset